000
00488nam a2200181Ia 4500
008
090123s9999 xx 000 0 und d
082
_b
7120
100
_a
शेकरकर मु.र.
245
_a
वायरमन
250
_a
1
260
_b
उद्यम प्रकाशन
300
_a
161
600
_a
शेकरकर मु.र.
630
_a
वायरमन
700
_a
शेकरकर मु.र.
730
_a
वायरमन
942
_c
BOOK
999
_c
45185
_d
45185